Catálogo

MIGRANTES RETORNADOS, ACTIVIDADES LABORALES Y NUEVAS HABILIDADES ADQUIRIDAS EN SAN MIGUEL COATLÁN, OAXACA (Registro nro. 60510)

Detalles MARC
000 -LEADER
fixed length control field 00648nam a2200193 a 4500
001 - CONTROL NUMBER
control field 60510
005 - DATE AND TIME OF LATEST TRANSACTION
control field 20180714061807.0
008 - FIXED-LENGTH DATA ELEMENTS--GENERAL INFORMATION
fixed length control field 140415s2013 mx 000 0 spa d
020 ## - INTERNATIONAL STANDARD BOOK NUMBER
International Standard Book Number 9786078093305
041 ## - LANGUAGE CODE
Language code of text/sound track or separate title spa
082 ## - DEWEY DECIMAL CLASSIFICATION NUMBER
Classification number 304.87274
Item number SAL
100 1# - MAIN ENTRY--PERSONAL NAME
Personal name Salas Alfaro, Renato,.
245 10 - TITLE STATEMENT
Title MIGRANTES RETORNADOS, ACTIVIDADES LABORALES Y NUEVAS HABILIDADES ADQUIRIDAS EN SAN MIGUEL COATLÁN, OAXACA
250 ## - EDITION STATEMENT
Edition statement 1a ed.
260 ## - PUBLICATION, DISTRIBUTION, ETC.
Place of publication, distribution, etc. MÉXICO :
Name of publisher, distributor, etc. UNIVERSIDAD POPULAR AUTÓNOMA DEL ESTADO DE PUEBLA,
Date of publication, distribution, etc. 2013,
300 ## - PHYSICAL DESCRIPTION
Extent 271
650 14 - SUBJECT ADDED ENTRY--TOPICAL TERM
Topical term or geographic name entry element MIGRACIN HUMANA
General subdivision EMPLEOS
-- OAXACA
700 1# - ADDED ENTRY--PERSONAL NAME
Personal name CRUZ VÁSQUEZ, MIGUEL
Relator term coaut.
Existencias
Withdrawn status Lost status Source of classification or shelving scheme Damaged status Not for loan Collection code Home library Current library Shelving location Date acquired Source of acquisition Total Checkouts Full call number Barcode Checked out Date last seen Date last checked out Price effective from Koha item type
    Dewey Decimal Classification     General Biblioteca Karol Wojtyla Biblioteca Karol Wojtyla Sala general 03/12/2013 Compra 1 304.87274 SAL 2013 91182 12/09/2015 12/09/2015 12/09/2015 26/08/2014 Libro